|
|
|
|
| LEADER |
03431nam a22005895i 4500 |
| 001 |
978-3-642-16054-7 |
| 003 |
DE-He213 |
| 005 |
20151204152056.0 |
| 007 |
cr nn 008mamaa |
| 008 |
101001s2010 gw | s |||| 0|eng d |
| 020 |
|
|
|a 9783642160547
|9 978-3-642-16054-7
|
| 024 |
7 |
|
|a 10.1007/978-3-642-16054-7
|2 doi
|
| 040 |
|
|
|d GrThAP
|
| 050 |
|
4 |
|a QA76.758
|
| 072 |
|
7 |
|a UMZ
|2 bicssc
|
| 072 |
|
7 |
|a COM051230
|2 bisacsh
|
| 082 |
0 |
4 |
|a 005.1
|2 23
|
| 245 |
1 |
0 |
|a Hybrid Metaheuristics
|h [electronic resource] :
|b 7th International Workshop, HM 2010, Vienna, Austria, October 1-2, 2010. Proceedings /
|c edited by María J. Blesa, Christian Blum, Günther Raidl, Andrea Roli, Michael Sampels.
|
| 264 |
|
1 |
|a Berlin, Heidelberg :
|b Springer Berlin Heidelberg,
|c 2010.
|
| 300 |
|
|
|a X, 223 p. 43 illus.
|b online resource.
|
| 336 |
|
|
|a text
|b txt
|2 rdacontent
|
| 337 |
|
|
|a computer
|b c
|2 rdamedia
|
| 338 |
|
|
|a online resource
|b cr
|2 rdacarrier
|
| 347 |
|
|
|a text file
|b PDF
|2 rda
|
| 490 |
1 |
|
|a Lecture Notes in Computer Science,
|x 0302-9743 ;
|v 6373
|
| 505 |
0 |
|
|a A Hybrid Metaheuristic for the Longest Common Subsequence Problem -- Hybrid Algorithms for the Variable Sized Bin Packing Problem -- A Hybrid Tabu Search Heuristic for a Bilevel Competitive Facility Location Model -- A Hybrid LS-CP Solver for the Shifts and Breaks Design Problem -- A New Approach for Solving the Generalized Traveling Salesman Problem -- Hybrid Heuristics for Dynamic Resource-Constrained Project Scheduling Problem -- A Multi-Start Evolutionary Local Search for the Two-Echelon Location Routing Problem -- A Memetic Algorithm for Reconstructing Cross-Cut Shredded Text Documents -- New Hybrid Matheuristics for Solving the Multidimensional Knapsack Problem -- An Improved Memetic Algorithm for Break Scheduling -- Consultant-Guided Search Algorithms for the Quadratic Assignment Problem -- On Index Structures in Hybrid Metaheuristics for Routing Problems with Hard Feasibility Checks: An Application to the 2-Dimensional Loading Vehicle Routing Problem -- Variable Neighborhood Search Coupled with ILP-Based Very Large Neighborhood Searches for the (Periodic) Location-Routing Problem -- SearchCol: Metaheuristic Search by Column Generation -- Survey: Matheuristics for Rich Vehicle Routing Problems.
|
| 650 |
|
0 |
|a Computer science.
|
| 650 |
|
0 |
|a Software engineering.
|
| 650 |
|
0 |
|a Programming languages (Electronic computers).
|
| 650 |
|
0 |
|a Computers.
|
| 650 |
|
0 |
|a Algorithms.
|
| 650 |
|
0 |
|a Computer logic.
|
| 650 |
1 |
4 |
|a Computer Science.
|
| 650 |
2 |
4 |
|a Software Engineering.
|
| 650 |
2 |
4 |
|a Software Engineering/Programming and Operating Systems.
|
| 650 |
2 |
4 |
|a Programming Languages, Compilers, Interpreters.
|
| 650 |
2 |
4 |
|a Algorithm Analysis and Problem Complexity.
|
| 650 |
2 |
4 |
|a Computation by Abstract Devices.
|
| 650 |
2 |
4 |
|a Logics and Meanings of Programs.
|
| 700 |
1 |
|
|a Blesa, María J.
|e editor.
|
| 700 |
1 |
|
|a Blum, Christian.
|e editor.
|
| 700 |
1 |
|
|a Raidl, Günther.
|e editor.
|
| 700 |
1 |
|
|a Roli, Andrea.
|e editor.
|
| 700 |
1 |
|
|a Sampels, Michael.
|e editor.
|
| 710 |
2 |
|
|a SpringerLink (Online service)
|
| 773 |
0 |
|
|t Springer eBooks
|
| 776 |
0 |
8 |
|i Printed edition:
|z 9783642160530
|
| 830 |
|
0 |
|a Lecture Notes in Computer Science,
|x 0302-9743 ;
|v 6373
|
| 856 |
4 |
0 |
|u http://dx.doi.org/10.1007/978-3-642-16054-7
|z Full Text via HEAL-Link
|
| 912 |
|
|
|a ZDB-2-SCS
|
| 912 |
|
|
|a ZDB-2-LNC
|
| 950 |
|
|
|a Computer Science (Springer-11645)
|